| 000 | 02223nam a22001577a 4500 | ||
|---|---|---|---|
| 082 | _a621 | ||
| 100 | _aManzar, Malak | ||
| 245 |
_aModelling and Energy Consumption Analysis of an Industrial Building and passive techniques to reduce energy consumption, A case study in Pakistan / _cMalak Manzar |
||
| 264 |
_aIslamabad : _bSMME- NUST; _c2023. |
||
| 300 |
_a64p. _bSoft Copy _c30cm |
||
| 520 | _aThe continuous expansion in modern building effects the consumption of energy directly. Specially, in growing countries like Pakistan this expansion becomes more evident. Due to high growth rate, there is a major need of hospitals, industries, educational buildings and IT parks thus, increasing the carbon emission and energy consumption, specifically electrical energy consumption. Several techniques were implemented by different organizations to reduce energy consumption. This research investigates time pack of face change materials online energy consumption of an industrial building located in Sialkot, Pakistan. The study utilizes building energy simulation software, DesignBuilder, to model the building and assess its energy consumption under present climate conditions. The research findings reveal that the implementation of energy efficient techniques (EETs) has a significant influence on the energy utilization of industrial buildings. The application of EETs resulted in a remarkable reduction up to 20-30% in the total energy consumption of the building. Furthermore, the heating and cooling demand during winter and summer was reduced to approximately 10-20%. These findings highlight the positive impact of EETs on energy efficiency in industrial buildings, presenting an opportunity for sustainable energy savings and environmental benefits. The results of this research contribute to the body of knowledge on sustainable building design and provide valuable insight for architects, engineers, and building owners seeking effective strategies to optimize energy performance and mitigate climate impact. | ||
| 650 |
_aMS Mechanical Engineering _9119495 |
||
| 700 |
_aSupervisor : Dr. Zaib Ali _9119496 |
||
| 856 | _uhttp://10.250.8.41:8080/xmlui/handle/123456789/40277 | ||
| 942 |
_2ddc _cTHE |
||
| 999 |
_c607192 _d607192 |
||